| 000 | 00495nam a2200181Ia 4500 | ||
|---|---|---|---|
| 008 | 190409s9999 xx 000 0 und d | ||
| 020 | _a978-0-8048-4394-2 | ||
| 082 | _aFic L9735 2014 v.2 | ||
| 100 | _aLuo Guanzhong | ||
| 245 | 4 | _aThe three kingdoms : the sleeping dragon / Luo Guanzhong | |
| 260 | _aTokyo | ||
| 260 | _bTuttle Publishing | ||
| 260 | _cc2014. | ||
| 300 | _a447 p. | ||
| 526 | _aFICTION | ||
| 650 | _aFiction -- China -- History -- Three kingdoms, 220-265. | ||
| 942 | _cBK | ||
| 999 |
_c3614 _d3614 |
||